Poverty reduction and growth: virtuous and vicious circles
Saved in:
| Main Author: | |
|---|---|
| Format: | Book |
| Language: | English |
| Published: |
Washington, D.C.
<The> World Bank
2006
|
| Series: | World Bank Latin American and Caribbean studies
|
| Subjects: | |
| Tags: |
No Tags, Be the first to tag this record!
|
MARC
| LEADER | 00000nam$a2200000$$$4500 | ||
|---|---|---|---|
| 001 | 0040400 | ||
| 005 | 20240315115610.1 | ||
| 020 | |a 0-8213-6511-8 | ||
| 041 | 0 | |a eng | |
| 044 | |a US | ||
| 245 | 1 | 0 | |a Poverty reduction and growth: virtuous and vicious circles |c Guillermo E. Perry ... [et al.] |
| 264 | 1 | |a Washington, D.C. |b <The> World Bank |c 2006 | |
| 300 | |a 221 s. | ||
| 490 | 1 | |a World Bank Latin American and Caribbean studies | |
| 830 | 0 | |a World Bank Latin American and Caribbean studies | |
| 610 | 2 | 0 | |a chudoba |
| 610 | 2 | 0 | |a chudoba |
| 610 | 2 | 0 | |a rast hospodársky |
| 610 | 2 | 0 | |a príjmy |
| 610 | 2 | 0 | |a úroveň životná |
| 610 | 2 | 0 | |a krajiny rozvojové |
| 610 | 2 | 0 | |a trh práce |
| 610 | 2 | 0 | |a dotácie |
| 610 | 2 | 0 | |a vidiek |
| 610 | 2 | 0 | |a kapitál ľudský |
| 610 | 2 | 0 | |a vzdelanie |
| 610 | 2 | 0 | |a investície |
| 610 | 2 | 0 | |a regióny |
| 610 | 2 | 0 | |a ukazovatele ekonomické |
| 610 | 2 | 0 | |a porovnanie medzinárodné |
| 610 | 2 | 0 | |a politika hospodárska |
| 610 | 2 | 0 | |a Latinská Amerika |
| 100 | 1 | |a Perry, Guillermo E. | |